| 000 | 00872nas a2200265 4500 | ||
|---|---|---|---|
| 001 | BR9601610 | ||
| 003 | BR-BrBNA | ||
| 005 | 20231205094707.0 | ||
| 007 | ta | ||
| 008 | 230509b bl.|||p| |||| 00| 00por d | ||
| 040 |
_aBR-BrBNA _bpor _cBiblioteca Nacional de Agricultura |
||
| 041 | _a(Pt) | ||
| 072 | _aH10 | ||
| 100 | 1 | _aMaceda, A. | |
| 100 | 1 | _aHohmann, C.L. | |
| 100 | 1 | _aSantos, H.R. dos | |
| 245 | 1 | _aTabela de vida comparativa de Trichogramma pretiosum Riley, 1879 e Trichogrammatoidea ommulata de Santis, 1972 (HYM.: Trichogrammatidae) | |
| 650 | _aEssencia Florestal | ||
| 650 | _aInseto para Controle Biologico | ||
| 650 | _aDinamica Populacional | ||
| 650 | _aBiologia | ||
| 773 | 0 |
_tRevista do Setor de Ciencias Agrarias (Brazil) _x _g(1994), v. 13(1-2) p. 279-281 _wBR9601610 |
|
| 909 |
_a202311 _bLúcia _c55 _dLúcia Elande |
||
| 942 |
_2AGRIS _n0 _cANA |
||
| 999 |
_c146189 _d146189 |
||